书目信息 |
| 题名: |
高分子物理
|
|
| 作者: | 华幼卿 , 金日光 主编 | |
| 分册: | ||
| 出版信息: | 北京 化学工业出版社 2015.7 |
|
| 页数: | 347页 | |
| 开本: | 26cm | |
| 丛书名: | ||
| 单 册: | ||
| 中图分类: | O631.2 | |
| 科图分类: | ||
| 主题词: | 高聚物物理学--高等教育--教材 , 高聚物物理学 | |
| 电子资源: | ||
| ISBN: | 978-7-122-17519-9 | |
| 000 | 01155nam0 2200301 450 | |
| 001 | 0400003864 | |
| 005 | 20171026103301.23 | |
| 010 | @a978-7-122-17519-9@dCNY40.00 | |
| 090 | @aO631@bhyq | |
| 100 | @a20171022d2015 em y0chiy ea | |
| 101 | 0 | @achi |
| 102 | @aCN@b110000 | |
| 105 | @aa z 000yy | |
| 106 | @ar | |
| 200 | 1 | @a高分子物理@9gao fen zi wu li@dPolymer physics@f华幼卿,金日光主编@zeng |
| 205 | @a第4版 | |
| 210 | @a北京@c化学工业出版社@d2015.7 | |
| 215 | @a347页@c图@d26cm | |
| 300 | @a“十二五”普通高等教育本科国家级规划教材 国家级精品课程教材 北京市精品教材重点建设项目 | |
| 330 | @a本书共分11章,包括4个部分:高分子的链结构和凝聚态结构;高分子的溶液性质和聚合物的分子量、分子量分布测定;聚合物的分子运动、玻璃化转变、结晶-熔融转变;力学性能(橡胶弹性、黏弹性、屈服和断裂)、流变性能以及电学、热学、光学、表面与界面性能。 | |
| 510 | 1 | @aPolymer physics@zeng |
| 606 | 0 | @a高聚物物理学@x高等教育@j教材 |
| 606 | 0 | @a高聚物物理学 |
| 690 | @aO631.2@v5 | |
| 701 | 0 | @a华幼卿@9hua you qing@4主编 |
| 701 | 0 | @a金日光@9jin ri guang@f(1933.9~)@4主编 |
| 801 | 0 | @aCN@bNLC@c20171022 |
| 905 | @b1036536-40@dO631.2@f5@e100=4 | |
| 高分子物理=Polymer physics/华幼卿,金日光主编.-第4版.-北京:化学工业出版社,2015.7 |
| 347页:图;26cm |
| “十二五”普通高等教育本科国家级规划教材 国家级精品课程教材 北京市精品教材重点建设项目 |
| ISBN 978-7-122-17519-9:CNY40.00 |
| 本书共分11章,包括4个部分:高分子的链结构和凝聚态结构;高分子的溶液性质和聚合物的分子量、分子量分布测定;聚合物的分子运动、玻璃化转变、结晶-熔融转变;力学性能(橡胶弹性、黏弹性、屈服和断裂)、流变性能以及电学、热学、光学、表面与界面性能。 |
| ● |
| 相关链接 |
|
|
|
|
正题名:高分子物理
索取号:O631.2/100=4
 
预约/预借
| 序号 | 登录号 | 条形码 | 馆藏地/架位号 | 状态 | 备注 |
| 1 | 1036536 | 210365362 | 第二样本阅览室/ [索取号:O631.2/100=4] | 在馆 | |
| 2 | 1036537 | 210365371 | 第三借阅区/ [索取号:O631.2/100=4] | 在馆 | |
| 3 | 1036538 | 210365380 | 第三借阅区/ [索取号:O631.2/100=4] | 在馆 | |
| 4 | 1036539 | 210365399 | 第三借阅区/ [索取号:O631.2/100=4] | 在馆 | |
| 5 | 1036540 | 210365406 | 化学系资料室/ [索取号:O631.2/100=4] | 在馆 |